Jaki to piłkarz? #2 - Statystyki

Ogólne statystyki
  • Ten quiz został rozwiązany 1 154 razy
  • Średni wynik to 8 z 15
Statystyki odpowiedzi
Hint Odpowiedź % Poprawnych
Iworyjski napastnik, w latach 2004-2012 był zawodnikiem Chelsea. Didier Drogba
89%
Znany ze swoich cieszynek oraz częstego zmieniania fryzur. Aktualny mistrz świata. Paul Pogba
83%
Bramkarz wywodzący się z kraju naszych południowych sąsiadów. Podczas meczów nosi charakterystyczny hełm. Petr Cech
78%
Hiszpański profesor środka pola, przez wiele lat związany z jednym klubem. Końcówkę kariery rozgrywa w egzotycznej lidze. Xavi
69%
Francuski piłkarz pochodzenia algierskiego, były zawodnik Olympique Lyon. W swoim obecnym klubie występuje od 2009 roku. Karim Benzema
65%
Były portugalski pomocnik, wygrał Ligę Mistrzów z dwoma różnymi klubami - FC Porto oraz Barceloną. Deco
63%
Żywa legenda słowackiego futbolu, większość swojej kariery spędził we Włoszech. Marek Hamsik
59%
19-letni obrońca, wygrał nagrodę Golden Boy oraz nagrodę Największego Talentu Roku w swoim kraju. Doprowadził swoją drużynę do półfinału Ligi Mistrzów 2018/19. Matthijs de Ligt
53%
Legendarny lewy obrońca. Były zawodnik m.in. Legii Warszawa czy Lechii Gdańsk. Obecnie zawodnik spadkowicza I Ligi. Jakub Wawrzyniak
50%
Słowacki obrońca, były zawodnik m.in. Liverpoolu. Znany ze swojej łysiny oraz charakterystycznych tatuaży. Martin Skrtel
48%
Afrykański fenomen, były zawodnik takich klubów jak: FC Basel, Chelsea Londyn, AS Roma czy ACF Fiorentina. Mohamed Salah
46%
28-letni hiszpański napastnik, szczególnie ceniony w Polsce. Carlitos
44%
Polski piłkarz, uczestnik Euro 2016 oraz Mundialu 2018. Jego kariera nabrała tempa w Górniku Zabrze, skąd przeniósł się do Niemiec. Arkadiusz Milik
43%
Brazylijski pomocnik/skrzydłowy, występuje w TOP5 La Ligi Santander. Philippe Coutinho
32%
Niezwykły pomocnik i kreator boiskowych zdarzeń. W trakcie swojej kariery groziła mu amputacja nogi. Po długim czasie rehablitacji wrócił do gry, a obecnie gra w swojej rodzimej lidze. Występuje aktualnie z numerem 19. Santi Cazorla
24%
Nie znaleziono quizów pasujących do podanych kryteriów
Rozkład punktacji
Procent ludzi z każdym wynikiem
Percentyl według liczby udzielonych odpowiedzi
Twoja historia wyników
Nie rozwiązałeś tego quizu